000 00380nam a22001577a 4500
008 250627b |||||||| |||| 00| 0 eng d
020 _a1931131074
050 _aNA7205
_b.W66
100 _aWood Hanley
245 _aOne-story homes
250 _a2nd
260 _aArizona
_bHome planners, llc
_c2002
300 _a448p.
_bill.
650 _aSimple story houses
942 _cCF
999 _c3994
_d3994